Statistics for Sports Word Connect

Click here to take the quiz!

General Stats

  • This quiz has been taken 13 times
  • The average score is 17 of 30

Answer Stats

HintAnswer% Correct
NFL team based out of Miami (8)Dolphins
92%
4 runs scored
in one hit (9)
Grand slam
92%
State that is home to the Charlotte
Hornets (13)
North Carolina
92%
City where the Olympics started (6)Athens
83%
Tennis score at the start of
each game (4)
Love
83%
Sports league with fast
automobiles (6)
Nascar
83%
City where the hockey
Oilers reside (8)
Edmonton
75%
What the N stands for in NFC (8)National
75%
Football Position behind
the quarterback mostly (11)
Running Back
75%
Object used by soccer referees when
giving players a warning (10)
Yellow Card
75%
A 3 on a par 5 in golf (5)Eagle
67%
Last minute play by the Quarterback
when trying to win the game (8)
Hail Mary
67%
Famous baseball
player Mickey (6)
Mantle
67%
2022 Stanley cup champion from the
Rockies (9)
Avalanche
58%
Black sphere in billiards (9)Eight Ball
58%
Country that previous Marathon world
record holder is from (5)
Kenya
58%
Substance famous in the George Brett
incidence (7)
Pine Tar
58%
Hall of Fame basketball player
McGrady (5)
Tracy
58%
Very popular sports wear brand (6)Adidas
50%
Playground sport at
recess (8)
Kickball
50%
Main position of Roberto
Clemente (10)
Right Field
42%
Dangerous winter olympic sport
where you lay on stomach (8)
Skeleton
42%
Sport played with a tiny ball and
is also the name of a fruit (6)
Squash
42%
10 event track race made famous by
Bruce Jenner (9)
Decathlon
33%
Type of shot where player tosses it
up under the rim (5)
Layup
33%
Real Name of Tiger Woods (7)Eldrick
25%
Most of the players on defense
in the NFL (10)
Linebacker
25%
Action in tennis where you step on the
line while serving (9)
Foot Fault
17%
Famous gym that has a song named
after it (4)
YMCA
17%
Horizontal to vertical speed move in
gymnastics (8)
Roundoff
8%

Score Distribution

Percentile by Number Answered

Percent of People with Each Score

Your Score History

You have not taken this quiz